Soy zurdo de nacimiento: las cuecas de Roberto Parra

Saved in:
Bibliographic Details
Main Author: Parra, Roberto (Parra Sandoval, Roberto) (autor)
Format: Book
Language:Spanish
Published: Santiago LOM 2011
Edition:1a. ed
Subjects:
Tags: Add Tag
No Tags, Be the first to tag this record!

MARC

LEADER 00000cam a2200000 a 4500
001 UCF0135
003 CL-VaPUC
008 120427e20110000CL |||||||||||||||||spa|d
020 |a 9789560002969 
082 0 4 |a 782.42162  |b PAR  |2 21 
100 |a Parra, Roberto  |q (Parra Sandoval, Roberto)  |e autor  |9 615154 
245 1 0 |a Soy zurdo de nacimiento: las cuecas de Roberto Parra 
250 |a 1a. ed 
300 |a 104 p 
942 |c BK 
945 |d 20120427 00:00:00  |a dcastane 
260 |a Santiago  |b LOM  |c 2011 
500 |a Editores Micaela Navarrete y Maximiliano Salinas 
650 0 |a Cuecas  |9 417014 
650 7 |a CANCIONES FOLKLORICAS CHILENAS  |2 CL-VaPUC  |9 326576 
650 0 |a Folklore chileno  |9 265536 
583 |a last modification  |c 20121210 10:40:28  |k Rodrigo Vera 
999 |c 347616  |d 347614 
952 |0 0  |1 0  |4 0  |6 782_421620000000000_PAR_2011  |7 0  |8 X  |9 449073  |a FDOMLP  |b FDOMLP  |d 2019-11-22  |i 4860403  |o 782.42162 PAR 2011  |p 4860403  |r 2019-11-22  |w 2019-11-22  |y BK_X  |k BU2